Geboren in Fulda - Statistiken

Allgemein
  • Dieses Quiz wurde 26 mal gespielt
  • Das Durchschnittsergebnis liegt bei 2 aus 6
Antwortstatistiken
Hinweis Antwort % Korrekt
früherer Fußballnationalspieler, langjähriger Spieler von Borussia Dortmund und heutiger Funktionär bei diesem Verein 1980 Sebastian Kehl
96%
Physiker, Erfinder der Halbleiterdiode und Nobelpreisträger 1850 Ferdinand Braun
29%
österreichischer Fußballnationalspieler, 1. FC Köln 1994 Louis Schaub
25%
CDU-Politiker und Bundesarbeitsminister von 1949 bis 1957 1892 Anton Storch
0%
Gilt als Begründer der pharmazeutischen Chemie 1814 Constantin Zwenger
0%
evangelischer Theologe und Reformator Thüringens 1499 Justus Menius
0%
Keine übereinstimmenden Quizze gefunden
Verteilung der Resultate
Anzahl Personen mit jedem Resultat
Perzentil nach korrekt beantworteten Fragen
Ihre Resultats-Entwicklung
Sie haben dieses Quiz noch nicht gespielt